LEADER 00752nam a2200205 i 4500 001 000000154973 003 CaOOAMICUS 005 20061030000000.0 008 061030s1949 it u000 u ita u 013 $a132322 040 $aSeMil$bita 100 1 $aLugli, Giuseppe,$d<1890-1967>.$0(OLS)http://semarc/name/58577 245 10$aForo romano palatino /$cGiuseppe Lugli. 260 $aRoma :$bBardi,$c1949. 300 $a151 p. :$bill. ;$c17 cm. 500 $aIn mezzo al front : Con 2 piante e 41 illustrazioni. 850 $aSeMil 852 $aSeMil$W1$xVenegono$y1$m5G I 40$j106824$B106824$CSeMilBibl$Z2$F116084 $81 996 $6245$aForo romano palatino$9(OLS)http://semarc/title/226899 996 $6260$aRoma :$bBardi$9(OLS)http://semarc/publisher/30908 LEADER 01072nam a2200253 4500 001 000000359941 003 CaOOAMICUS 005 20240927152437.0 008 240925s2024 it 000 u ita r 020 $a978-88-6570-890-3 040 $aSeMil$bita 100 1 $aComini, Claudio,$d<1963- >.$0(OLS)http://semarc/name/112624 245 12$aL'amore come vita di fede cristiana :$bpoesie /$cClaudio Comini. 264 1$aVarese :$bMacchione,$cStampa 2024. 300 $a69 p. ;$c21 cm 541 0 $aOmaggio mons. Mario Delpini (1B I 308) 850 $aSeMil 852 $aSeMil$W1$xVenegono$y1$m1B I 308$j251069$B250986$CSeMilBibl$Z2$F250986 $81 941 1 $a7 961 $aOmaggio mons. Mario Delpini. ? Con dedica autografa dell?autore (Claudio Comini) a mons. Delpini 8 agosto 2024 996 $6020$a978-88-6570-890-3$9(OLS)http://semarc/number/301299 996 $6245$aL'amore come vita di fede cristiana :$bpoesie$9(OLS)http://semarc/title/450364 996 $6264$aVarese :$bMacchione$9(OLS)http://semarc/publisher/34285